000 00332nam a2200133 i 4500
001 bg
100 1 _aTARNOGRODZKI, A.
245 0 _aWykłady i ćwiczenia z mechaniki cieczy i gazu /
_cA. Tarnogrodzki.
260 _aWarszawa,
_c1983.
040 _cBPK
041 _apol
942 _cKS
008 s pl f |000 0 pol
999 _c22088
_d22088
856 _uhttp://koha.tu.koszalin.pl/cgi-bin/koha/opac-detail.pl?biblionumber=22088
_yKatalog online BPK